000 00789nai a2200217Ia 4500
003 IN-BaIIA
008 211028c9999 xx s 000 0 eng d
022 _a0096-2511 (Print)
022 _a2331-1630 (Online)
040 _cIIA Library
245 0 _aIRE Transactions on Military Electronics
_h[eJournal]
260 _aNew York, USA
_bThe Institute of Electrical and Electronics Engineers, Inc. (IEEE)
310 _aQuarterly
362 _aMIL-1(1); 1957 - MIL-6(4); 1962
521 _bSubscribed through National Knowledge Resource Consortium (NKRC)
650 _a Components, Circuits, Devices and Systems
650 _a Transportation
650 _aAerospace
856 _uhttps://ieeexplore.ieee.org/servlet/opac?punumber=5008109
_yClick Here to Access eJournal
942 _cEJ
999 _c34924
_d34924